| 000 | 00000nam 2200000za 4500 |
| 001 | 9.843075 |
| 003 | CaOODSP |
| 005 | 20231208112903 |
| 007 | cr ||||||||||| |
| 008 | 170906s2015 onc ob f000 0 eng d |
| 040 | |aCaOODSP|beng |
| 043 | |an-cn--- |
| 086 | 1 |aPS83-5/B58E-PDF |
| 245 | 00|aAgreement among three mental health screening assessments |h[electronic resource]. |
| 260 | |aOttawa : |bCorrectional Service Canada, |c2015. |
| 300 | |a[1] p. |
| 490 | 1 |aResearch at a glance ; |vB58 |
| 500 | |a"January 2015." |
| 500 | |aTitle from caption. |
| 500 | |aIssued also in HTML format. |
| 500 | |aIssued also in French under title: Concordance entre trois outils de dépistage des troubles mentaux. |
| 504 | |aIncludes bibliographical references. |
| 520 | |a"Offenders’ immediate mental health needs are assessed at intake to the Correctional Service of Canada (CSC) though Sections I and II of the Health Assessment Form 1244 and the Computerized Mental Health Intake Screening System Version 2 (CoMHISS)"--p. [1]. |
| 692 | 07|2gccst|aInmates |
| 692 | 07|2gccst|aMental health |
| 692 | 07|2gccst|aScreening (Medicine) |
| 710 | 1 |aCorrectional Service Canada. |bResearch Branch. |
| 775 | 08|tConcordance entre trois outils de dépistage des troubles mentaux |w(CaOODSP)9.843085 |
| 830 | #0|aResearch at a glance (Correctional Service Canada)|vB58.|w(CaOODSP)9.506649 |
| 856 | 40|qPDF|s223 KB|uhttps://publications.gc.ca/collections/collection_2017/scc-csc/PS83-5-B58-eng.pdf |
| 856 | 4 |qHTML|sN/A|uhttps://www.csc-scc.gc.ca/research/005008-b58-eng.shtml |